000 00606nam a2200241Ia 4500
003 OSt
005 20220924144959.0
006 a|||||r|||| 00| 0
007 ta
008 220923b |||||||| |||| 00| 0 per d
024 _a325109
037 _cTextual
040 _aARTS
_cARTS
_bper
041 _2per
_aper
082 _aJ(A), 164J5.1-.2
100 _aSaaie Kareem Au.
_9218827
245 0 _aJangal shanasi
260 _c1955
650 _a SCIENCE
650 _aAGRICULTURE
_927
942 _hJ(A), 164J5.1-.2
_cTEXL
_2CC
999 _c458814
_d458814